Social linguistic study of fisherman dialects : (Record no. 37224)

MARC details
000 -LEADER
fixed length control field 00648nam a2200169Ia 4500
041 ## - LANGUAGE CODE
Language code of text/sound track or separate title English
082 ## - DEWEY DECIMAL CLASSIFICATION NUMBER
Classification number RS.0919
100 ## - MAIN ENTRY--AUTHOR NAME
Personal name Shanmugaraj, V.
Affiliation Department of linguistics, Madhurai Kamraj University
Place Madurai
245 #0 - TITLE STATEMENT
Title Social linguistic study of fisherman dialects :
Sub Title with reference to Ramanand, Tuticorin and Kanyakumari districts /
Statement of responsibility, etc V. Shanmugaraj
260 ## - PUBLICATION, DISTRIBUTION, ETC. (IMPRINT)
Place of publication New Delhi :
Name of publisher/Sponsor ICSSR,
Year of publication 2013
300 ## - PHYSICAL DESCRIPTION
Number of Pages 104p. ;
504 ## - BIBLIOGRAPHY, ETC. NOTE
Bibliography, etc Include bibliographical references.
536 ## - FUNDING INFORMATION NOTE
Funding Agency Indian Council of Social Science Research.
546 ## - LANGUAGE NOTE
Language note English
650 ## - SUBJECT ADDED ENTRY--TOPICAL TERM
Topical Term Linguistics
Form subdivision social study
Geographic subdivision Ramanad
-- Tuticorin
-- Kanyakumari
942 ## - ADDED ENTRY ELEMENTS (KOHA)
Koha item type Research Reports
Source of classification or shelving scheme Dewey Decimal Classification
Holdings
Withdrawn status Lost status Damaged status Not for loan Collection code Home library Current library Date acquired Source of acquisition Full call number Accession Number Koha item type
      Not For Loan Post Doctoral Research Fellowship Reports NASSDOC Library NASSDOC Library 11/10/2022 Research Fellowship Division RS.0919 52427 Research Reports